Rationssymetrische Flächentragwerke : Einführung in das Tragverhalten

Salvato in:
Dettagli Bibliografici
Autore principale: Hampe, Erhard (Autore)
Natura: Libro
Lingua:tedesco
Pubblicazione: Berlin : VEB Verlag für Bauwesen, 1981
Tags: Aggiungi Tag
Nessun Tag, puoi essere il primo ad aggiungerne!!

MARC

LEADER 00000nam a22000003a 4500
001 stu208549
005 20150617230104.3
008 100729s1981----ge------------------ger-d
040 |a STU  |b slo 
041 0 |a ger 
044 |a ge 
080 |a 624.074.5 
100 1 |a Hampe, Erhard  |4 aut 
245 1 |a Rationssymetrische Flächentragwerke :  |b Einführung in das Tragverhalten 
260 |a Berlin :  |b VEB Verlag für Bauwesen,  |c 1981 
300 |a 196 s 
996 |c V*24129/O-9812  |l VV1  |s P  |a 0  |w stu208549_0001